名前に「津」がつく駅 - Statistics

General Stats
  • This quiz has been taken 126 times
  • The average score is 77 of 204
Answer Stats
Hint Answer % Correct
紀勢本線近鉄名古屋線 伊勢鉄道線
100%
東海道本線 大津
90%
姫新線津山線 津山
84%
片町線 津田
81%
北海道新幹線 奥津軽いまべつ
80%
信越本線羽越本線 磐越西線 新津
79%
総武本線 津田沼
78%
名鉄津島線名鉄尾西線 津島
78%
磐越西線只見線 会津若松
76%
山陰本線 | 東急田園都市線東急大井町線 高津
74%
大阪メトロ御堂筋線 | 日豊本線 | 阪急神戸本線阪急宝塚本線 中津
74%
京成本線京成千葉線 京成松戸線 京成津田沼
74%
東海道本線御殿場線 国府津
73%
横浜線東急田園都市線 東急こどもの国線 長津田
73%
東海道本線御殿場線 沼津
71%
筑肥線唐津線 唐津
70%
内房線久留里線 木更津
68%
神鉄粟生線 | 関西本線奈良線 片町線 木津
68%
京成松戸線 新津田沼
68%
会津鉄道線 会津田島
66%
東海道本線 興津
64%
日豊本線 | 阪神本線阪急今津線 今津
64%
東京メトロ千代田線 根津
64%
武蔵野線 新秋津
63%
信越本線えちごトキめき鉄道 直江津
63%
予讃線土讃線 多度津
61%
京阪石山坂本線京阪京津線 びわ湖浜大津
61%
湖西線 大津京
60%
唐津線 西唐津
60%
只見線 会津坂下
59%
内房線 君津
59%
北陸本線湖西線 近江塩津
59%
広島電鉄宮島線 | 東海道本線 草津
59%
西武池袋線 秋津
59%
南海汐見橋線 木津川
59%
津軽線 津軽二股
58%
七尾線IRいしかわ鉄道線 津幡
58%
東海道本線 焼津
58%
本四備讃線予讃線 宇多津
58%
東海道本線 南草津
56%
姫新線 因美線 東津山
56%
近鉄名古屋線 津新町
56%
会津鉄道線野岩鉄道線 会津高原尾瀬口
56%
伊豆急行線 河津
55%
大阪モノレール本線 摂津
55%
湖西線 近江今津
53%
奥羽本線 津軽新城
51%
南武線 津田山
51%
中央本線 中津川
51%
京都丹後鉄道宮福線他 宮津
51%
名鉄竹鼻線 | 気仙沼線 柳津
50%
京急本線 京急大津
50%
京急久里浜線 新大津
49%
京急久里浜線 津久井浜
49%
只見線 会津川口
48%
東海道本線 西焼津
48%
只見線 会津柳津
46%
名松線 伊勢奥津
46%
津軽鉄道線 津軽中里
46%
磐越西線 津川
45%
吾妻線 長野原草津口
45%
山陰本線 江津
45%
常磐線 大津港
44%
中央本線 四方津
43%
東海道本線 摂津富田
43%
阪急京都本線 摂津市
43%
津軽鉄道線 津軽五所川原
43%
七尾線 本津幡
41%
あいの風とやま鉄道線 魚津
41%
七尾線 中津幡
40%
東海道本線 鷲津
40%
東海道本線 摂津本山
40%
京成本線 谷津
40%
地下鉄名城線地下鉄鶴舞線 上前津
40%
東海道本線 愛知御津
39%
津山線 津山口
39%
山口線 津和野
39%
京成本線 志津
38%
京成本線 公津の杜
38%
近鉄京都線 木津川台
38%
京阪石山坂本線 京阪大津京
38%
外房線 上総興津
36%
山陰本線 保津峡
36%
平成筑豊鉄道田川線 | 阪急千里線 豊津
36%
奥羽本線 津軽湯の沢
35%
只見線 会津本郷
35%
只見線 会津大塩
35%
外房線 安房天津
35%
飯山線 津南
35%
呉線 安芸津
35%
阪堺線 | 養老鉄道線 石津
35%
嵯峨野観光鉄道線 トロッコ保津峡
35%
只見線 会津高田
34%
常磐線 小木津
34%
東海道本線 三河塩津
34%
吉備線 吉備津
34%
筑肥線 東唐津
34%
豊肥本線 肥後大津
34%
大阪モノレール本線 南摂津
34%
片町線 西木津
33%
紀勢本線 下津
33%
近鉄京都線 近鉄宮津
33%
会津鉄道線 会津下郷
33%
山陰本線 温泉津
31%
伊予鉄道高浜線 三津
31%
只見線 会津宮下
30%
日豊本線 天津
30%
名鉄犬山線 木津用水
30%
会津鉄道線 会津荒海
30%
富山地方鉄道本線 新魚津
30%
磐越西線 東新津
29%
南海汐見橋線 津守
29%
京阪石山坂本線 大津市役所前
29%
会津鉄道線 会津山村道場
29%
津軽線 津軽浜名
28%
只見線 会津坂本
28%
只見線 会津西方
28%
只見線 会津越川
28%
只見線 会津横田
28%
紀勢本線 | 近鉄志摩線 船津
28%
日豊本線 津久見
28%
IRいしかわ鉄道線 | 京阪石山坂本線 粟津
28%
只見線 会津塩沢
26%
只見線 会津蒲生
26%
信越本線 古津
26%
長崎本線 喜々津
26%
日豊本線 東中津
26%
南海本線 泉大津
26%
磐越西線 会津豊川
25%
只見線 会津桧原
25%
只見線 会津水沼
25%
只見線 会津中川
25%
会津鉄道線 会津長野
25%
富山地方鉄道本線 西魚津
25%
富山地方鉄道本線 電鉄魚津
25%
上越線 津久田
24%
日南線 油津
24%
名鉄西尾線 米津
24%
京阪交野線 郡津
24%
津軽線 津軽宮田
23%
吾妻線 群馬大津
23%
阪和線 津久野
23%
境線 大篠津町
23%
山陰本線 佐津
21%
予讃線 津島ノ宮
21%
予讃線 三津浜
21%
高徳線 讃岐津田
21%
土讃線 土佐大津
21%
山陰本線 都野津
20%
近鉄大阪線 伊賀上津
20%
三陸鉄道リアス線 津軽石
20%
岳南電車 須津
20%
京都丹後鉄道宮豊線 夕日ヶ浦木津温泉
20%
広島電鉄宮島線 草津南
20%
越後線 粟生津
19%
長崎本線 牛津
19%
近鉄名古屋線 豊津上野
19%
山陰本線 石見津田
18%
紀勢本線 見老津
18%
山陽本線 通津
18%
鹿児島本線 海老津
18%
日豊本線 美々津
18%
南海本線 石津川
18%
高山本線 笹津
16%
近鉄京都線 久津川
16%
弘南鉄道大鰐線 津軽大沢
16%
水郡線 常陸津田
15%
名松線 比津
15%
西鉄天神大牟田線 津福
15%
秋田内陸縦貫鉄道線 八津
15%
因美線 津ノ井
14%
養老鉄道線 美濃津屋
14%
肥薩おれんじ鉄道線 津奈木
14%
陸羽西線 津谷
13%
弘南鉄道弘南線 津軽尾上
13%
三岐鉄道三岐線 平津
13%
一畑電車北松江線 大津町
13%
小海線 滑津
11%
愛知環状鉄道線 貝津
11%
伊予鉄道高浜線 梅津寺
11%
平成筑豊鉄道田川線 新豊津
10%
肥薩おれんじ鉄道線 米ノ津
10%
西鉄天神大牟田線 津古
9%
豊橋鉄道渥美線 老津
9%
京都丹後鉄道宮福線 下天津
9%
水郡線 近津
8%
阪堺線 石津北
8%
島原鉄道線 島原船津
8%
山口線 仁保津
6%
津軽鉄道線 津軽飯詰
6%
一畑電車北松江線 津ノ森
6%
土佐くろしお鉄道中村線 古津賀
6%
日南線 大堂津
4%
No matching quizzes found
Score Distribution
Percent of People with Each Score
Percentile by Number Answered
Your Score History
You have not taken this quiz